[Event "Niedersachsen-ch U14"]
[Site "Rotenburg/Wuemme"]
[Date "2006.04.12"]
[Round "8"]
[White "Kleinschmidt, Annika"]
[Black "Bonacic, Jascha"]
[Result "1-0"]
[WhiteElo "1070"]
[BlackElo "1324"]
[PlyCount "49"]
[EventDate "2006.04.08"]
[EventType "swiss"]
[EventRounds "9"]
[EventCountry "GER"]
[SourceTitle "EXT 2007"]
[Source "ChessBase"]
[SourceDate "2006.11.23"]
[SourceVersion "1"]
[SourceVersionDate "2006.11.23"]
[SourceQuality "1"]

1. e4 d5 2. exd5 Qxd5 3. Nc3 Qa5 4. d4 Nf6 5. Nf3 Bg4 6. h3 Bh5 7. g4 Bg6 8. Ne5 Nbd7 9. Nc4 Qa6 10. Bf4 Qe6+ 11. Qe2 Qc6 12. 0-0-0 Qxh1 13. Bxc7 Qc6 14. Nd6+ Qxd6 15. Bxd6 Rc8 16. Bg2 Nb6 17. Bxb7 Rd8 18. Bc6+ Nfd7 19. Nb5 Rc8 20. d5 f6 21. Re1 Nxd5 22. Qc4 N5b6 23. Qc5 Rxc6 24. Qxc6 Kf7 25. Bc7 1-0